Rent review: rectification (Record no. 66075)
[ view plain ]
| 000 -LEADER | |
|---|---|
| fixed length control field | 01732cam a2200205 4500 |
| 001 - CONTROL NUMBER | |
| control field | WB3706-21 |
| 008 - FIXED-LENGTH DATA ELEMENTS--GENERAL INFORMATION | |
| fixed length control field | 000000n2001 000 0 eng u |
| 035 ## - SYSTEM CONTROL NUMBER | |
| System control number | (Sirsi) u110832 |
| 245 ## - TITLE STATEMENT | |
| Title | Rent review: rectification |
| 260 ## - PUBLICATION, DISTRIBUTION, ETC. | |
| Date of publication, distribution, etc. | 2001 |
| 490 ## - SERIES STATEMENT | |
| Series statement | Estates Gazette Case Summaries |
| Volume/sequential designation | [2001] EGCS 10 (03/02/01) |
| 520 ## - SUMMARY, ETC. | |
| Summary, etc. | "Scott and another v City and County of Swansea" ChD 4 January 2001. Claimants (A) were trustees of a yacht club. Under an arrangement with the defendant council (B), A would be provided with 200 moorings under the terms of a long lease. It was later agreed that A would pay for the supply and construction of additional moorings, and that rent on review would be decided without regard to the work already paid for. A meeting was held in December 1991 where A's solicitor (BWL) and a council officer (H) were present, and subsequently H prepared a note stating works would be excluded from rent review. In January 1992 BWL received a draft of the agreement from H which excluded the pontoons from the disregard, and on this basis in September 1997 B gave notice of a rent review. In March 1998 A agreed to arbitration to resolve the new rent on the advice that this was their only option, and started proceedings against BWL for negligence. In December 1998, A commenced the current proceedings claiming rectification of the lease and that the arbitration order should be set aside due to H's fraudulent misrepresentation. Held, both claims allowed. |
| 590 ## - LOCAL NOTE (RLIN) | |
| Local note | WB |
| 650 ## - SUBJECT ADDED ENTRY--TOPICAL TERM | |
| Topical term or geographic name entry element | SCOTT AND ANOTHER V CITY AND COUNTY OF SWANSEA |
| 650 ## - SUBJECT ADDED ENTRY--TOPICAL TERM | |
| Topical term or geographic name entry element | LEASE RECTIFICATION |
| 650 ## - SUBJECT ADDED ENTRY--TOPICAL TERM | |
| Topical term or geographic name entry element | RENT REVIEWS |
| 650 ## - SUBJECT ADDED ENTRY--TOPICAL TERM | |
| Topical term or geographic name entry element | MISREPRESENTATION |
| 690 ## - LOCAL SUBJECT ADDED ENTRY--TOPICAL TERM (OCLC, RLIN) | |
| Topical term or geographic name as entry element | LANDLORD AND TENANT-RENT REVIEWS-CASE LAW |
| 942 ## - ADDED ENTRY ELEMENTS (KOHA) | |
| Suppress in OPAC | 0 |
| Withdrawn status | Lost status | Source of classification or shelving scheme | Damaged status | Not for loan | Home library | Current library | Shelving location | Date acquired | Total Checkouts | Full call number | Barcode | Date last seen | Copy number | Price effective from | Koha item type |
|---|---|---|---|---|---|---|---|---|---|---|---|---|---|---|---|
| Dewey Decimal Classification | London | London | News article | 08/02/2001 | WB3706-21 | 110832-1001 | 06/08/2019 | 1 | 06/08/2019 | Law report |